Loading...
| Fine Arts - Classical Music | 5 | 20.00 | 4,940% | 360% | 680% |
| Fine Arts - Other | 6 | 16.67 | 5,933% | 400% | 300% |
| Fine Arts - Painting & Sculpture | 7 | 18.57 | 3,014% | 600% | 586% |
| History - American | 2 | 25.00 | 8,100% | 900% | 450% |
| History - European | 7 | 24.29 | 5,600% | 700% | 557% |
| History - Other | 7 | 17.14 | 1,857% | 586% | 614% |
| History - World | 5 | 24.00 | 7,760% | 520% | 700% |
| Literature - American | 8 | 17.50 | 4,900% | 200% | 625% |
| Literature - British | 8 | 18.75 | 3,650% | 513% | 613% |
| Literature - European | 8 | 20.00 | 5,888% | 550% | 388% |
| Literature - World | 9 | 20.00 | 6,089% | 456% | 467% |
| Mythology | 7 | 21.43 | 7,157% | 243% | 714% |
| Other | 5 | 18.00 | 5,500% | 300% | 460% |
| Philosophy | 4 | 20.00 | 6,550% | 425% | 375% |
| Religion | 4 | 15.00 | 2,925% | 600% | 225% |
| Science - Biology | 4 | 20.00 | 3,250% | 775% | 450% |
| Science - Chemistry | 7 | 21.43 | 4,843% | 714% | 471% |
| Science - Other | 4 | 12.50 | 2,025% | 200% | 675% |
| Science - Physics | 9 | 15.56 | 3,056% | 378% | 533% |
| Social Science | 5 | 22.00 | 5,500% | 660% | 480% |